The Last Time Every Current NBA Team Was In The NBA Finals - Statistics

General Stats
  • This quiz has been taken 39 times
  • The average score is 22 of 25
Answer Stats
Year Team % Correct
2024 Boston Celtics
100%
1998 Chicago Bulls
97%
2024 Dallas Mavericks
97%
2023 Denver Nuggets
97%
2022 Golden State Warriors
97%
2020 Los Angeles Lakers
97%
2014 San Antonio Spurs
97%
2018 Cleveland Cavaliers
95%
2005 Detroit Pistons
95%
2023 Miami Heat
95%
2021 Milwaukee Bucks
95%
2019 Toronto Raptors
95%
2025 Oklahoma City Thunder
92%
2009 Orlando Magic
86%
2001 Philadelphia 76ers
86%
2021 Phoenix Suns
86%
1998 Utah Jazz
86%
1951 *** Sacramento Kings
81%
1979 * Washington Wizards
81%
2003 ** Brooklyn Nets
78%
1995 Houston Rockets
78%
2025 Indianapolis Pacers
78%
1999 New York Knicks
78%
1992 Portland Trail Blazers
76%
1961 ** Atlanta Hawks
73%
No matching quizzes found
Score Distribution
Percent of People with Each Score
Percentile by Number Answered
Your Score History
You have not taken this quiz